| 000 | 00000nam##2200000za#4500 |
| 001 | 9.575712 |
| 003 | CaOODSP |
| 005 | 20210624184808 |
| 007 | cr ||||||||||| |
| 008 | 150406|2009||||xxc|||||o f|0| 0 eng|d |
| 040 | |aCaOODSP|beng |
| 043 | |an-cn--- |
| 086 | 1 |aTU3-5/09-11E-PDF |
| 110 | 2 |aTransportation Safety Board of Canada. |
| 245 | 10|aControlled flight into terrain - Canadian Helicopters Limited Bell 206L (Helicopter) C-GNLK Kangiqsujuaq, Quebec, 36 nm SE, 17 July 2009 |h[electronic resource] |
| 260 | |aGatineau - Quebec : |bTransportation Safety Board of Canada |c[2009]. |
| 300 | |a14p.|bcoloured illus., figs. |
| 490 | 1 |aAviation investigation report |vA09Q0111 |
| 590 | |a13-06-Supp|b2013-03-19 |
| 775 | 08|tImpact sans perte de contrôle de l'hélicoptère Bell 206L C-GNLK exploité par les Hélicoptères Canadiens limitée à 36 nm au sud-est de Kangiqsujuaq (Québec), le 17 juillet 2009 |w(CaOODSP)9.605184 |
| 830 | #0|aAviation investigation report ;|vA09Q0111|w(CaOODSP)9.504825 |
| 856 | 40|ahttp://publications.gc.ca|qPDF|s369 KB|uhttps://publications.gc.ca/collections/collection_2013/bst-tsb/TU3-5-09-11-eng.pdf|yA09Q0111 |